Statistiques concernant nom des joueurs de rugby du tournoi des six nations

Cliquez ici pour prendre le quiz!

Statistiques générales

  • Ce quiz a été pris 12 fois
  • Le résultat moyen est 37 sur 192

Statistiques - réponses

HintRéponse% Correct
franceatonio
91%
francejalibert
91%
franceramos
91%
francealldritt
82%
franceflament
82%
francele garrec
82%
francelucu
82%
francepenaud
82%
francebaille
73%
francecros
73%
francefickou
73%
francemarchand
73%
francemauvaka
73%
francemeafou
73%
francealdegheri
64%
angleterredan
64%
francemoefana
64%
franceollivon
64%
angleterre | francetuilagi
64%
francedanty
55%
francelebel
55%
angleterresmith
55%
francebarre
45%
Italiecapuozzo
45%
franceroumat
45%
francewardi
45%
francewoki
45%
franceabadie
36%
francebielle biarey
36%
irlandecrowley
36%
francedepoortere
36%
angleterreford
36%
irlandefurlong
36%
francegabrillagues
36%
irlandeLowe
36%
écosserussell
36%
Irlandeaki
27%
franceboudehent
27%
angleterrecare
27%
angleterrecole
27%
franceColombe
27%
angleterregenge
27%
angleterreGeorge
27%
irlandeGibson-park
27%
angleterreitoje
27%
ecossejones
27%
irlandekeenan
27%
Italielamaro
27%
angleterremarler
27%
angleterremitchell
27%
irlandeO'mahony
27%
écosseschoeman
27%
irlandevan der flier
27%
écossevan der Merwe
27%
écossewhite
27%
francewillemse
27%
pays de gallesAdams
18%
irlandebeirne
18%
Italiebrex
18%
irlandebyrne
18%
irlandeconan
18%
pays de gallescostelow
18%
angleterreCunningham-south
18%
pays de gallesdyer
18%
Italieferrari
18%
angleterrefeyi-waboso
18%
Italiefischetti
18%
angleterrefurbank
18%
irlande | écosseHealy
18%
Italieioane
18%
pays de gallesJenkins
18%
écossekinghorn
18%
irlandeMcCarthy
18%
Italiemenoncello
18%
irlandemurray
18%
pays de gallesnorth
18%
irlandeporter
18%
irlanderingrose
18%
ecosseRitchie
18%
franceromain taofifenua
18%
ecosseRowe
18%
irlanderyan
18%
écossesebastian
18%
franceSébastien taofifenua
18%
irlandeSheehan
18%
angleterreslade
18%
pays de galleswilliams
18%
Italieallan
9%
irlandebaird
9%
pays de gallesbasham
9%
pays de gallesbeard
9%
angleterrechessum
9%
angleterrecoles
9%
angleterredaly
9%
écossedarge
9%
pays de gallesdavies
9%
angleterredingwall
9%
angleterreearl
9%
irlandefrawley
9%
angleterrefreeman
9%
Italiegarbisi.A
9%
Italiegarbisi.P
9%
ecossegilchrist
9%
écossegray
9%
irlandehenshaw
9%
écossehorne
9%
irlandelarmour
9%
angleterre | pays de gallesmartin
9%
irlandeMcCloskey
9%
Italiemori
9%
irlandeNash
9%
irlandeO'toole
9%
Italiepage-relo
9%
écosseredpath
9%
pays de gallesreffell
9%
angleterreroots
9%
Italieruzza
9%
angleterresteward
9%
angleterrestuart
9%
écosseturner
9%
angleterreunderhill
9%
Italievarney
9%
pays de galleswainwright
9%
pays de galleswinnett
9%
écosseashman
0%
pays de gallesassiratti
0%
irlandebealham
0%
pays de gallesbotham
0%
pays de gallesbrown
0%
Italiecanali
0%
Italiecannone.L
0%
Italiecannone.N
0%
irlandeCasey
0%
ItalieCeccarelli
0%
écossechristie
0%
écossecrosbie
0%
écosseCummings
0%
pays de gallesdee
0%
écosseDempsey
0%
pays de gallesdomachowski
0%
angleterredombrandt
0%
pays de galleselias
0%
pays de gallesevans
0%
écossefagerson.M
0%
ecossefagerson.Z
0%
Italiefavretto
0%
pays de gallesgrady
0%
pays de gallesgriffin
0%
pays de galleshardy
0%
irlandehenderson
0%
écosseherpburn
0%
Italieizekor
0%
irlandejager
0%
irlandekelleher
0%
angleterreLawrence
0%
pays de galleslewis
0%
pays de gallesLloyd.E
0%
pays de gallesLloyd.I
0%
irlandeloughman
0%
Italielucchesi
0%
pays de gallesmann
0%
Italiemarin
0%
pays de gallesMathias
0%
écosseMcDowall
0%
écossemillar-mills
0%
Italienegri
0%
Italienicotera
0%
angleterreobano
0%
pays de gallesO'konnor
0%
Italiepani
0%
écossepaterson
0%
écosseprince
0%
pays de gallesRoberts
0%
pays de gallesRowlands
0%
écosseskinner
0%
Italiespagnolo
0%
angleterrespencer
0%
écossestein
0%
écossesutherland
0%
irlandesweetman-doris
0%
pays de gallesthomas
0%
pays de gallesTompkins
0%
écossetuipulotu
0%
ItalieVintcent
0%
pays de gallesWatkin
0%
Italiezambonin
0%
Italiezilocchi
0%
Italiezuliani
0%

Distribution des résultats

Percentile par nombre de réponses

% des personnes avec chaque résultat

Votre développement - résultats

Vous n’avez pas pris ce quiz